书目信息 |
| 题名: |
文艺辩证学
|
|
| 作者: | 黄伟宗 著 | |
| 分册: | ||
| 出版信息: | 广州 广东教育出版社 2000 |
|
| 页数: | 10,440页 | |
| 开本: | 21cm | |
| 丛书名: | ||
| 单 册: | ||
| 中图分类: | I0-02 | |
| 科图分类: | ||
| 主题词: | 文艺理论:哲学理论--研究 | |
| 电子资源: | ||
| ISBN: | 7-5406-4272-6 | |
| 000 | 00762nam0 2200229 45 | |
| 001 | 060000019181 | |
| 005 | 20051008101726.20 | |
| 010 | @a7-5406-4272-6@dCNY25.00 | |
| 100 | @a20050122d2000 ekmy0chiy0120 ea | |
| 101 | 0 | @achi |
| 102 | @aCN@b440000 | |
| 105 | @aa z 000yy | |
| 200 | 1 | @a文艺辩证学@9wen yi bian zheng xue@f黄伟宗著@Fhuang wei zong zhu |
| 210 | @a广州@c广东教育出版社@d2000 | |
| 215 | @a10,440页@c照片@d21cm | |
| 330 | @a本书以唯物辨证法为指导,探索文学艺术的特征和规律,以中外古今著名的文学家、艺术家、美学家、理论家的实践经验和论述等,为其依据和基础。 | |
| 606 | 0 | @a文艺理论:哲学理论@x研究 |
| 690 | @aI0-02@v4 | |
| 701 | 0 | @a黄伟宗@Ahuang wei zong@4著 |
| 801 | 0 | @aCN@bTSSF@c20051008 |
| 905 | @a10447@dI0-02@e307 | |
| 999 | @aHSJ@eDF | |
| 文艺辩证学/黄伟宗著.-广州:广东教育出版社,2000 |
| 10,440页:照片;21cm |
| ISBN 7-5406-4272-6:CNY25.00 |
| 本书以唯物辨证法为指导,探索文学艺术的特征和规律,以中外古今著名的文学家、艺术家、美学家、理论家的实践经验和论述等,为其依据和基础。 |
| ● |
| 相关链接 |
|
|
|
|
正题名:文艺辩证学
索取号:I0-02/307
 
预约/预借
| 序号 | 登录号 | 条形码 | 馆藏地/架位号 | 状态 | 备注 |
| 1 | 0364218 | 3642188 | 第一样本阅览室/ [索取号:I0-02/307] | 在馆 | |
| 2 | 0364219 | 3642197 | 第二借阅区/ [索取号:I0-02/307] | 在馆 | |
| 3 | 0364220 | 3642204 | 第二借阅区/ [索取号:I0-02/307] | 在馆 | |
| 4 | 0364221 | 3642213 | 第二借阅区/ [索取号:I0-02/307] | 在馆 | |
| 5 | 0364222 | 3642222 | 第二借阅区/ [索取号:I0-02/307] | 在馆 |